Bases para una agenda de trabajo para el desarrollo agropecuario sostenible /
Gespeichert in:
| 1. Verfasser: | |
|---|---|
| Weitere Verfasser: | , |
| Format: | Text |
| Tags: |
Tag hinzufügen
Keine Tags, Fügen Sie den ersten Tag hinzu!
|
MARC
| LEADER | 00000 a a2200000 04500 | ||
|---|---|---|---|
| 001 | 47810 | ||
| 003 | |||
| 040 | |||
| 100 | |a Trigo, Eduardo | ||
| 245 | |a Bases para una agenda de trabajo para el desarrollo agropecuario sostenible / |c Eduardo Trigo, David Kaimowitz, Roberto Flores | ||
| 246 | |a Toward a working agenda for sustainable agricultural development | ||
| 500 | |a También ejemplar en inglés | ||
| 700 | |a Kaimowitz, David | ||
| 700 | |a Flores, Roberto | ||
| 773 | |g número25, (1991), 64 páginas : tablas | ||
| 999 | |c 26909 |d 26909 | ||
